| 000 | 00490nam a2200193 u 4500 | ||
|---|---|---|---|
| 001 | 000510481 | ||
| 003 | AM-YeHGA | ||
| 005 | 20250617134902.0 | ||
| 008 | 061123s1955 gw |||||r|||||000|0|ger|d | ||
| 040 | _aAM-YeHGA | ||
| 041 | 0 | _ager | |
| 100 | 1 | _aDraeger, Max | |
| 245 | 1 | 0 |
_aZahl, Funktion und Gruppe / _cMax Draeger. |
| 260 |
_aLeipzig : _bUrania-Verlag, _c1955. |
||
| 300 |
_a124 p. : _bill. |
||
| 440 | 0 |
_aWissenschaft und Technik _v61 |
|
| 650 | 1 | 4 | _aMathematics |
| 090 | _c191137 | ||
| 999 |
_c189669 _d189669 |
||